00519nam a22001457a 4500003000500000038001800005082000800023100001700031245013600048264003300184300002400217650004000241700003300281856005900314NUST aNusrat Nadeem a200 aKhalil, Aqsa aIdentifying Barriers to the Adoption of Telemedicine in Pakistan: Through the lens of National System of Innovation/cAqsa Khalil,  aIslamabad;bNBS NUST;c2024. a81,p;bill;c30,cm. aMS-Innovation and Entrepreneurship  aSupervisor: Dr. Ayesha Abrar u: http://10.250.8.41:8080/xmlui/handle/123456789/45186